[Event "Lost Boys op"]
[Site "Antwerp"]
[Date "1999.08.05"]
[Round "6"]
[White "Mikhalevski, Victor"]
[Black "Rabinovich, Arkady"]
[Result "1-0"]
[WhiteElo "2516"]
[BlackElo "2413"]
[Annotator "Mikhalevski,V"]
[PlyCount "69"]
[EventDate "1999.07.30"]
[EventType "swiss"]
[EventRounds "9"]
[EventCountry "BEL"]
[SourceTitle "EXT 2000"]
[Source "ChessBase"]
[SourceDate "1999.11.16"]
[SourceVersion "1"]
[SourceVersionDate "1999.11.16"]
[SourceQuality "1"]

1. d4 d5 2. c4 c6 3. Nf3 e6 4. g3 dxc4 5. Bg2 b5 6. O-O Nd7 7. a4 Bb7 8. Nc3 a6
(8... b4) 9. Ne5 Ne7 10. Nxf7 $3 $146 {[%mdl 520] I have found this beautiful
idea only a weak before this game during my preparation to the same opponent.
In that game he had chosen another opening,but this time novelty has worked.My
idea is simple.I want to make use of unfortunate position of both black
knights as well as big development advantage.} (10. axb5 {This continuation
almost by force leads into a better for White endgame} Nxe5 $1 (10... axb5 $143
{Solozhenkin-Tregubov,Russian Club Cup 1998 CBM66 [Tsesarsky]}) 11. dxe5 axb5
12. Nxb5 cxb5 13. Qxd8+ Kxd8 14. Rxa8+ Bxa8 15. Bxa8 Kc7 16. Rd1 Ng6 17. Be4
Bc5 18. Bd2 Kb6 19. Bg5 b4 $15 {0-1 Filippov,V-Burmakin,V/St. Petersburg 1998/
CBM 67 (46)}) 10... Kxf7 {My opponent was in shock.He has spend for his only
move about 10 minutes.The reason is our game from Israel team championship
where I had put into practice the similar idea even in the better situation.By
the way that game with my comments can be found in CBM70.} 11. Ne4 {[%csl Re6]
[%cal Ge4g5,Ge4d6] White is a full piece down,but can afford slow
strengthening of his position.} Kg8 ({Other possibilities don't look better:} 
11... Nf5 12. Ng5+ Ke7 13. e4 h6 (13... Nd6 14. Qg4 $40) 14. exf5 hxg5 15.
Bxg5+ Nf6 16. Re1 $40) (11... Ng6 12. Ng5+ Ke7 13. Bh3 $44) (11... Nd5 $5 12.
Ng5+ Ke7 13. e4 N5f6 (13... Nc7 14. Qh5 Qe8 15. Qh4 $40) 14. e5 (14. Bh3 $5) (
14. d5 $5) 14... Nd5 15. Qg4 Nc7 $13) 12. Ng5 $1 {[%csl Re6] Black can't
defend the e6-pawn as his pieces are lack of any coordination.} (12. Bh3 $143 {
allows Black consolidating of his men.} Nf5 13. Ng5 {[%cal Ge2e4] /\e4} Qf6 $1
14. e4 h6 15. Nxe6 Qxe6 16. Bxf5 Qf7 17. Qg4 $140 Nf6) (12. Nd6 {leads to
unclear consequences:} Qb8 13. Nxb7 (13. Bf4 Ng6) 13... Qxb7 14. axb5 axb5 15.
Bh3 Kf7 $8 (15... g6 $2 16. Bxe6+ Kg7 17. Rxa8 Qxa8 18. Bxd7) (15... Nf5 $2 16.
Rxa8 Qxa8 17. e4) (15... Rxa1 $4 16. Bxe6#) 16. Rxa8 Qxa8 17. e4 $13 {/\Qf3})
12... Nf6 (12... Nb6 $5) (12... Nf5 $2 13. e4 {[%csl Re6,Rg8][%cal Gg2h3] /\Bh3
}) (12... Nd5 $2 13. Bh3 $1 {[%csl Re6,Rg8]} Nc7 $140 14. Nxe6 $18) 13. axb5 $1
{White destroyes Black's pawn structure on the queen side as the second can't
take back .The reason is explained below.} (13. Bh3 $2 Bc8) 13... Bc8 $2 {
[%mdl 16384]} (13... axb5 $2 {loses in view of} 14. Bh3 $1 {[%csl Re6,Rg8]
[%cal Gh3e6] This is the point of all preliminary play.Black is unable to
protect the e6-pawn and worse of all his king.} Bc8 $140 15. Rxa8) (13... Qb6
$5 {was much tougher defence,but White's initiative is anyway very dangerous.}
14. Bh3 Bc8 15. Rxa6 Rxa6 16. bxa6 $36) 14. bxc6 {[%csl Ra8][%cal Gc6c7,Gg2a8]
/\c7} Ra7 15. Ra4 $1 {[%csl Rc4] Winning third pawn for a piece White secures
clear positional advantage.} (15. d5 $6 exd5 (15... Nexd5 $2 16. e4) 16. e4 $1
(16. Be3 Ra8) 16... h6 17. Be3 Ra8 18. exd5 $13) 15... h6 16. Nh3 g5 17. Rxc4
$16 Rh7 18. e4 a5 {[%cal Gc8a6]} 19. Re1 Ba6 20. Rc3 Nc8 {[%cal Gf8b4]} 21. Qb3
$1 {[%mdl 512] I don't mind to sacrifice an exchange as White's strong pawn
centre is going to smash all on his way.} Bb4 (21... Qe8 22. e5 Nd5 23. Bxd5
exd5 24. Qxd5+ $16) 22. Qxe6+ Kh8 ({or} 22... Rhf7 23. e5 Bxc3 24. bxc3 Rae7
25. c7 $1 {[%cal Ge6a6]} Qxc7 26. Qxa6 Qxc3 27. Rf1 $18) 23. Nxg5 $3 $18 {
[%mdl 512] Another and this time decisive sacrifice.} Bxc3 (23... hxg5 24. Bxg5
Be7 {is met by} 25. c7 $1 Qxd4 26. Bf1 $1 {[%csl Rc8][%cal Gf1a6]} Qd6 (26...
Bxf1 27. Bxf6+ Qxf6 28. Qxc8+ $18 {[%csl Gc7]}) (26... Bb7 27. Rd3 $1 Ra6 (
27... Qb6 28. Rd8+ $1 Bxd8 29. cxd8=Q+ Qxd8 30. Bxf6+ $18) 28. Qxa6 $1 $18) 27.
Bxf6+ Bxf6 28. Qe8+ Kg7 29. e5 {[%csl Rd6,Rf6]} Bxe5 (29... Rh8 30. Qxh8+ Kxh8
31. exd6 $18) 30. Rxe5 $18 {[%csl Rg7]}) 24. bxc3 $1 (24. Nxh7 Bxd4 (24... Bxe1
25. Qxf6+ Qxf6 26. Nxf6 $16) 25. Nxf6 Qxf6 26. Qxf6+ Bxf6 27. e5 $16) 24...
Rhg7 (24... hxg5 25. Bxg5 {It's very interesting to look at the pawn structure
in this position.Not every day you see seven(!!!) pass pawns.} Raf7 26. e5 $18
{[%csl Rf6][%cal Gg5d8]}) ({or} 24... Qe7 25. Ba3 $1 Qxe6 26. Nxe6 $18 {
and white pawns are unstopable.}) 25. Qh3 $1 {[%cal Gg5e6,Gh3h6] White wins
another pawn.} Rg6 (25... Ng4 {doesn't help} 26. Bf3 $1 (26. Ne6 Qf6 $1) 26...
Rxg5 27. Bxg5 Qxg5 28. Bxg4 $18) 26. Ne6 Qe8 27. Nf4 {[%csl Rh6]} Rgg7 28.
Qxh6+ Nh7 29. e5 {[%cal Gg2e4] Full domination of white pieces.} Ne7 30. Be4
Bc4 31. Nh5 Rg6 32. Qxh7+ $1 {[%mdl 64] Elegant way to finish the game.} Kxh7
33. Nf6+ Kh8 34. Nxe8 {Six pawns for an exchange can be enough for three
exchanges!} Rg8 35. Nf6 1-0

[Event "Minneapolis HB Global op"]
[Site "Minneapolis"]
[Date "2005.05.22"]
[Round "9"]
[White "Akobian, Varuzhan"]
[Black "Lugo, Blas"]
[Result "1-0"]
[WhiteElo "2556"]
[BlackElo "2406"]
[Annotator "Mikhalevski,V"]
[PlyCount "69"]
[EventDate "2005.05.18"]
[EventType "swiss"]
[EventRounds "9"]
[EventCountry "USA"]
[SourceTitle "CBM 107"]
[Source "ChessBase"]
[SourceDate "2005.08.01"]
[SourceVersion "1"]
[SourceVersionDate "2005.08.01"]
[SourceQuality "1"]

1. d4 d5 2. c4 c6 3. e3 Nf6 4. Nf3 e6 5. Bd3 Nbd7 6. Nbd2 b6 (6... Bd6 {
is the main line.}) 7. b3 Bb7 8. Bb2 Be7 9. O-O O-O 10. Ne5 {A typical idea
for this type of position. White will try to strengthen the knight on e5 by
playing f4.} ({In a few recent games White tested} 10. Qe2 c5 (10... Qc7 11.
Rac1 Rad8 12. Rfd1 Qb8 13. e4 dxe4 14. Nxe4 c5 15. dxc5 Nxc5 16. Nxc5 Bxc5 17.
Ne5 (17. Bxf6 $5 gxf6 18. Be4 $14 {><g8.}) 17... Be7 18. Qe3 Qc7 19. Qg3 Be4
20. Qf4 {1/2-1/2 Kosyrev,V-Panarin,M/Moscow RUS 2005/The Week in Chess 551 (20)
}) 11. Rad1 (11. cxd5 Nxd5 12. Rfd1 Qc7 13. Rac1 Rad8 14. Nc4 Qb8 15. Bb1 N5f6
16. Nfe5 cxd4 17. Bxd4 Nxe5 18. Bxe5 Qa8 19. f3 $14 {1/2-1/2 Rustemov,
A-Dominguez,L/Dos Hermanas ESP 2005/The Week in Chess 544 (61). (61)}) 11...
Qc7 12. Ne5 Rad8 13. f4 cxd4 $6 14. exd4 $14 {Bercys,S-Shabalov,A, USA-ch San
Diego 2004/CBM105[Mikhalevski,V]}) 10... c5 ({The most natural way to meet 10.
Ne5 is} 10... Nxe5 11. dxe5 Nd7 (11... Ne8 {is less logical as the knight is
better on d7.} 12. cxd5 cxd5 13. Nf3 $14 {1-0 Wunnink,M-Van Gelder,B/Amsterdam
NED 2004/The Week in Chess 507 (39)}) 12. f4 (12. Qh5 $5 g6 13. Qh3) 12... Nc5
13. Bc2 dxc4 14. Nxc4 Qxd1 15. Raxd1 Rfd8 $6 ({It was necessary to eliminate
the knight on c4 by means of} 15... Ba6 $5) 16. Nd6 $14 {1-0 Hobusch,A-Kuipers,
D/Dortmund 2003/CBM 95 ext (42)}) ({Another attempt to fight for equality is} 
10... dxc4 11. Ndxc4 c5 {with the idea to avoid cxd5, which is possible after
the immediate c5.} 12. Nxd7 Qxd7 13. dxc5 Qd5 (13... Qc6 $5 14. f3 Qxc5) 14. e4
$5 (14. f3 Bxc5 {1/2-1/2 Kniest,O-Schwarz,T/Werther GER 2005/The Week in Chess
541 (14)}) 14... Nxe4 $1 15. Qg4 Nf6 16. Qh3 Qh5 $1 17. Qxh5 Nxh5 18. cxb6 Nf4
19. Rfd1 Bxg2 20. Be5 $1 Nxd3 21. Rxd3 Bd5 22. b7 $1 Rae8 23. b8=Q Rxb8 24.
Bxb8 Rxb8 25. Ne3 $14 {0-1 Phillips,R-Hamdouchi,H/Calvia ESP 2004/The Week in
Chess 520 (75) and a very interesting tactical battle in the current game led
to a better endgame for White.}) 11. Qc2 {This way White prevents Nxe5 and
connects the rooks.} ({In the only recent game White tested} 11. Qe2 Qc7 12.
Rac1 Rad8 (12... Rfd8 $5 {seems to be a better way to place the rooks.}) 13.
cxd5 exd5 $6 (13... Nxe5 $5 14. dxe5 Nxd5) 14. Nxd7 Qxd7 $2 (14... Rxd7 $142)
15. dxc5 bxc5 16. Bxf6 Bxf6 17. Rxc5 $16 {1-0 Pert,N-Spanton,T/Copenhagen DEN
2002/The Week in Chess 402 (18). (18) and White won a pawn for nothing.}) 11...
cxd4 (11... h6 {is less logical as it allows White to support the knight on e5.
} 12. f4 Nxe5 13. fxe5 (13. dxe5 $5 Ng4 14. Rfe1 d4 15. exd4 cxd4 16. Nf1 $14)
13... Ng4 14. Rfe1 Bg5 15. Nf1 cxd4 16. exd4 $14 {0-1 Nyren,B-Dinsen,C/
Liverpool 1952/EXT 99 (79). (78) and White is better.}) 12. exd4 Rc8 {Black
prepares the exchange on c4 which will be followed by b5. That's why} 13. a4 g6
{A possible way to reduce pressure along the b1-h7-diagonal.} 14. f4 {[%csl
Re3] White supports the knight but weakens the e3-square and Black immediately
strives there by means of} dxc4 15. bxc4 Nd5 {[%csl Re3][%cal Gd5e3,Gd5b4]} ({
It would be more precise to exchange the knights at first to prevent Nxd7.} 
15... Nxe5 16. fxe5 Nd5 {[%cal Gd5e3,Gd5b4]} 17. Qb3 Ne3 18. Rf2 Bg5 {[%cal
Ge3g4,Gg5e3] and Black is fine.}) 16. Qb3 Nxf4 $5 {An unexpected and
interesting sacrifice.} ({It was possible to transpose to 15...Nxe5.} 16... Ne3
$5 17. Rf2 (17. Bxg6 $2 {doesn't work:} Nxf1 18. Bxh7+ Kxh7 19. Qh3+ Bh4 $19)
17... Nxe5 18. fxe5 Bg5 $1 $132) 17. Nxd7 {This way White temporary wins an
exchange, and he will be forced to give it back with chances to obtain
advantage.} ({An alternative} 17. Rxf4 {was probably the way to go.} Nxe5 18.
dxe5 Bc5+ 19. Kf1 Be3 20. Rf2 Bxf2 21. Kxf2 Bxg2 22. Kxg2 Qg5+ 23. Kh1 Qxd2 24.
Ba3 Rfd8 25. Bd6 Qe3 26. Rf1 $14 {and White looks slightly better.}) 17... Nxd3
18. Nxf8 Nxb2 19. Nxe6 $1 {A strong intermediate move. The knight dies but
takes with it a pawn.} (19. Qxb2 Bxf8 {[%csl Rd4] is good for Black since both
the d4 and c4-pawns are weak.}) 19... fxe6 20. Qxb2 Bf6 {[%csl Rd4]} 21. Rf4 $5
{Before sacrificing an exchange White forces the weakening of the kingside.}
Bg5 $2 {This is already a mistake. After winning a pawn and exchanging his
dark-squared bishop Black will be worse.} (21... g5 {forces White to give up
an exchange.} 22. Rxf6 (22. Rg4 $4 {loses to} h5) 22... Qxf6 {Though after} 23.
Rf1 Qe7 24. a5 {White has chances for obtaining advantage.}) ({It was
interesting to keep the bishop.} 21... Bg7 $1 {[%csl Rd4][%cal Gg6g5]} 22. Re1
g5 23. Rg4 h5 24. Rge4 Bxe4 25. Rxe4 Qd7 {and Black is not worse.}) 22. Rg4
Be3+ 23. Kh1 Qd7 $5 {[%cal Ge6e5]} (23... Bxd2 24. Qxd2 Rxc4 25. Rf1 $16 {
gives White a clear advantage.}) 24. h3 ({White is also better after} 24. Nf1
$5 Bh6 25. Qe2 Bg7 26. Rd1 Ba6 27. Nd2 $1 $16) 24... Bxd2 25. Qxd2 Rxc4 26. Rf1
(26. Qf2 $1 {[%cal Ga1f1] was more precise moving the queen away from the
d-file.}) 26... Bd5 (26... Rc5 $1 27. Qf4 Rf5 28. Qb8+ Kg7 $16) 27. Qf4 ({
And again} 27. Qf2 $1 {leaving the f4-square for the rook was better.} Rc8 28.
Rf4 {[%cal Gf4f7]}) 27... Qe7 $2 {After this move White's attack is hardly
stopable.} (27... Rc8 {is a better defense.} 28. Qf6 Qg7 $16) 28. Qb8+ Kg7 29.
Qe5+ {First White brings the queen to e5 with tempo} Kg8 {and then} 30. h4 $1 {
[%cal Gh4h5]} Rxa4 $2 ({Now it was necessary to bring the rook back to defense,
though it would only prolong the game.} 30... Rc8) 31. h5 $18 Ra5 {[%csl Re5]
[%cal Gd5g2] The very last trick.} 32. Qb8+ $1 ({Of course not} 32. hxg6 $4
Bxg2+) 32... Kg7 33. hxg6 hxg6 34. Qe5+ Kh7 35. Rf7+ $1 {Finishing the game in
style.} (35. Rf7+ $1 Qxf7 36. Rh4+ Kg8 37. Rh8#) 1-0

[Event "Sigeman & Co 13th"]
[Site "Malmo/Copenhagen"]
[Date "2005.04.20"]
[Round "5"]
[White "Hansen, Curt"]
[Black "Hector, Jonny"]
[Result "1-0"]
[WhiteElo "2633"]
[BlackElo "2513"]
[Annotator "Mikhalevski,V"]
[PlyCount "71"]
[EventDate "2005.04.15"]
[EventType "tourn"]
[EventRounds "9"]
[EventCountry "SWE"]
[EventCategory "13"]
[SourceTitle "CBM 107"]
[Source "ChessBase"]
[SourceDate "2005.08.01"]
[SourceVersion "1"]
[SourceVersionDate "2005.08.01"]
[SourceQuality "1"]

1. c4 e6 2. d4 d5 3. Nf3 c6 4. e3 Nf6 5. Nbd2 {If White doesn't want to play
the Meran variation he can try this move with the idea to recapture on c4 with
the knight, which however doesn't promise much.} c5 {[%csl Rd2][%cal Gb8c6] An
attempt to exploit the position of the white knight on d2. Black wastes a
tempo, but as a compensation he will have a nice square on c6 for his queen's
knight.} ({Another interesting alternative is} 5... Nbd7 6. Bd3 Bd6 7. O-O O-O
8. e4 e5 9. cxd5 cxd5 {which leads to a symmetric position with good chances
to equalize.}) 6. dxc5 ({The game position with an extra tempo for White was
reached in the following game:} 6. b3 Nc6 (6... cxd4 $5) 7. Bb2 Be7 $6 8. dxc5
Bxc5 9. a3 a5 10. Bd3 O-O 11. O-O b6 12. Qc2 h6 13. cxd5 exd5 14. Bb5 Na7 15.
Be2 Nc6 16. Bb5 Na7 17. Be2 Nc6 18. Bc3 $14 {[%cal Gc2b2] 1-0 Vera,R-Muir,A/
Yerevan 1996/EXT 97 (28). (27)} (18. Rfd1 $5 $14)) 6... Bxc5 7. a3 {[%cal
Gb2b4,Gc1b2] White wants to take some space on the queenside.} a5 8. b3 Nc6 9.
Bb2 O-O 10. Bd3 {The position looks like Queen's gambit Accepted with reversed
colours.} Qe7 $6 {Probably this natural move is an inaccuracy. Now White
develops initiative along the a1-h8 and the b1-h7-diagonals.} ({Black has also
tested different ideas:} 10... b6 {Black's trying to solve his main problem
with the light-squared bishop.} 11. O-O (11. Qc2 Bb7 $1 12. O-O ({Certainly
White can't play} 12. Bxf6 $2 Qxf6 13. Bxh7+ $2 Kh8 $19 {[%csl Ra1,Rh7][%cal
Gg7g6]}) 12... h6 13. Rad1 Qe7 14. Qc1 Rfd8 15. Qa1 Rd7 (15... dxc4 $5) 16.
cxd5 Rxd5 17. Ne4 Nxe4 18. Bxe4 Rxd1 19. Rxd1 f6 20. Bd3 Rd8 21. Bc4 {1/2-1/2
Ibragimov,I-Sorokin,M/St Petersburg 1993/CBM 034 (32) with only a symbolic
edge for White.}) 11... Bb7 12. Bb1 $6 {[%cal Gd1c2] Too artificial.} d4 $1 13.
b4 axb4 14. axb4 Rxa1 15. Bxa1 Nxb4 (15... Bxb4 $1 16. exd4 Bxd2 17. Qxd2 Na5
$1 {[%cal Ga5c4,Ga5b3,Gb7f3]} 18. Ne5 Nb3 $11) 16. exd4 Bd6 17. Qb3 Qc7 18. d5
$1 exd5 19. Bxf6 gxf6 20. Nd4 $1 $36 {[%csl Rg8][%cal Gd4f5,Gb3h3,Gd4b5] 1-0
Budowski,G-Maderna,C/Mar del Plata 1952/MCD (32). (31)}) ({An interesting pawn
sacrifice occured in the following game.} 10... dxc4 $5 11. Bxc4 (11. Nxc4 $5
b5 12. Nce5 Nxe5 13. Bxe5 Qe7 14. O-O Bb7 15. Nd4 Nd7 16. Bg3 $14 {/=.}) 11...
e5 $5 (11... Qe7 {is a quiet and worthy alternative.}) 12. Nxe5 Nxe5 13. Bxe5
Ng4 14. Bg3 (14. Bb2 $5 Qh4 15. g3 Qe7 16. O-O (16. Qf3 $1 Ne5 17. Bxe5 Qxe5
18. O-O) 16... Rd8) 14... Qe7 {[%csl Ra3]} 15. O-O ({Too materialistic would be
} 15. a4 Bxe3 $1 16. fxe3 $140 $2 Nxe3 17. Qe2 Re8 $1 $19 {[%cal Gc8g4,Ge3c4]})
15... Bxa3 16. Nf3 Bb4 17. Bh4 Qc5 18. Rc1 Qh5 19. h3 Ne5 20. Nxe5 Qxe5 21. Qf3
$14 {[%csl Rb7,Rf7] 1/2-1/2 Eliet,N-Serafimov,T/Mulhouse 2004/CBM 103 (54). 
(54)}) 11. O-O Rd8 12. Qc2 $1 {[%csl Rh7][%cal Gb2f6]} Kh8 $6 {Black moves
away from a check on h7, but allows the following favourable exchange for
White.} (12... d4 {closing the long diagonal and thus preventing Bxf6 is the
move of principle, though after} 13. Ne4 $1 {Black experiences some problems.}
(13. exd4 Nxd4 14. Nxd4 Bxd4 15. Bxd4 Rxd4 16. Nf3 Rd8 17. Rfd1 $14 {with a
slight edge for White.}) 13... e5 $2 {Black gives up a pawn for nothing.} (
13... Nxe4 14. Bxe4 dxe3 15. Bxh7+ Kh8 16. fxe3 Bxe3+ 17. Kh1 $36) 14. Nxf6+
Qxf6 15. Bxh7+ Kh8 16. Be4 $16 {1-0 Rantanen,Y-Pulkkinen,K/Finland 1996/EXT 98
(37). (36)}) 13. cxd5 $1 Rxd5 $2 {Now Black's rook will be in offside.} ({
Black had to agree to the weaking of the kingside obtaining in exhchange a
bishop pair.} 13... exd5 $5 14. Bxf6 gxf6 15. Bxh7 Bxa3 $14 {[%csl Rf5,Rh8]}) (
13... Nxd5 $2 14. Bxh7 $16) 14. Ne4 $1 {[%csl Rc5,Rh7]} Nxe4 (14... Nd7 $6 {
looks ugly.}) 15. Bxe4 Rh5 16. Rfd1 $16 {[%csl Rh5] White has won the opening
battle. He has a development advantage and all his pieces are better placed.}
Ra6 {A sad necessity. Another rook has to stay out of play.} (16... Bd7 $2 {
Black can't develop the light-squared bishop in view of} 17. g4 $1 Rh3 18. Rxd7
$1 Qxd7 19. Qxc5 $18) 17. g4 $1 Rh6 {Now anything wins.} 18. Rac1 $5 ({Also
direct attack on g7 was highly unpleasant.} 18. Qc3 $1 f6 19. Rac1 Bd6 20. g5
$1 $18) 18... Bd6 19. Qd3 $5 ({And again} 19. Qc3 $1 {was strong.} e5 20. Nxe5
$18) 19... e5 20. Bxe5 ({Also} 20. Nxe5 $5 {is enough for a win:} Qe8 21. Ng6+
hxg6 22. Qxd6 $18) 20... Na7 {The only way to prolong the game, though the
position remains hopeless.} (20... Bxa3 {changes nothing} 21. Bxc6 $1 Rhxc6 22.
Qd8+ Qf8 23. Bb2 $1 {[%cal Gb2a3]} Bb4 24. Qxf8+ Bxf8 25. Rd8 Kg8 26. Rxc6 Rxc6
27. Ba3 $18 {[%csl Rf8]}) 21. Qd4 {[%csl Rg7][%cal Ge5g7]} ({White has a
pleasant choice.} 21. Bf4 $5 Rf6 (21... Re6 22. Ng5 Rf6 $140 23. Bxb7 $1 {
[%csl Ra6,Rc8,Rh7]}) 22. Bg5 $18) 21... Qf8 22. g5 Re6 23. Bd5 ({It was also
possible to attack another rook:} 23. Bd3 $5 b5 (23... Rc6 24. Bxg7+ Qxg7 25.
Qxa7 Bxa3 26. Rxc6 Rxc6 27. Qxa5 $18) 24. Bxb5 $1 Bxe5 25. Qd8 $1 Kg8 26. Qxf8+
Kxf8 27. Rd8+ Ke7 28. Re8+ Kd6 29. Rxe6+ Bxe6 (29... fxe6 30. Bxa6 Bxa6 $140
31. Rd1+ $18 {[%csl Re5]})) 23... Rg6 24. Bxd6 Rgxd6 25. Qf4 {[%csl Rf7][%cal
Gf3e5]} Be6 (25... f6 26. Ne5 $1 Be6 27. Bxe6 Rxe6 28. Nd7 $18 {[%csl Ra6,Re6]
[%cal Gd7c5]}) 26. Bxe6 Rxd1+ 27. Rxd1 Rxe6 28. Rd7 $18 {[%csl Rb7,Rf7] White
wins a second pawn. The rest is more than clear.} Kg8 29. Nd4 $1 Re8 30. Rxb7
Nc8 31. Nf5 Qxa3 $2 32. Nh6+ $1 Kh8 (32... gxh6 33. Qxf7+ Kh8 34. Qxh7#) 33.
Nxf7+ Kg8 34. Qc4 $1 Kf8 35. Nh6 $1 Qa1+ 36. Kg2 1-0